000 00666nam a2200289Ia 4500
005 20260324150702.0
008 008 260324s9999 xx 000 0 eng d
020 _a9781003563518
037 _aEBOOK
040 _aCRL
040 _beng
040 _cCRL
041 _2eng
041 _aeng
084 _qCRL
100 _aIris Brooke
_91223933
245 0 _aFour Walls Adorned
245 0 _bInterior Decoration 1485–1820
260 _bTaylor and Francis
260 _c1952
365 _a
365 _b115
856 _uhttp://www.taylorfrancis.com/books/9781003563518
942 _cEBOOK
999 _c1837159
_d1837159